Szczegóły MARC21

Kazimierz Wielki : twórca Korony Królestwa Polskiego /

003 -Nazwa inst., której nr kontr. jest w polu 001 [,]
    • @
    • Nazwa instytucji, której n kontrolny jest w polu 001
    • NUKAT
005 -DATA I CZAS OSTATNIEJ MODYFIKACJI [,]
    • @
    • pole kontrolne
    • 20241231093952.0
040 -Instytucja sporządzająca opis [ , ]
    • a
    • Instytucja, która sporządziła opis (NP)
    • LUBL U/AG
    • c
    • Instytucja, która sporządziła rekord (NP)
    • LUBL U/AG
    • d
    • Instytucja, która zmodyfikowała rekord (P)
    • LUBLU/bg
    • d
    • Instytucja, która zmodyfikowała rekord (P)
    • LUBL U/MGas
942 -Rodzaj dokumentu [ , ]
    • c
    • Rodzaj dokumentu
    • Książka
100 -Hasło główne - nazwa osobowa [1, ]
    • a
    • Nazwa osobowa (NP)
    • Dąbrowski, Jan
    • d
    • Daty biograficzne (NP)
    • (1890-1965).
    • 9
    • KHW
    • 10473
245 -Strefa tytułu i oznaczenia odpowiedzialności [1,0]
    • a
    • Tytuł
    • Kazimierz Wielki : Find
    • b
    • Ciąg dalszy tytułu (NP)
    • twórca Korony Królestwa Polskiego / Find
    • c
    • Pozostałe elementy strefy tytułu i oznaczenia odpowiedzialności (NP)
    • Jan Dąbrowski ; Towarzystwo Miłośników Historii i Zabytków Krakowa.
260 -Strefa adresu wydawniczego [ , ]
    • a
    • Miejsce wydania (P)
    • Wrocław :
    • b
    • Nazwa wydawcy (P)
    • Zakład Narodowy im. Ossolińskich,
    • c
    • Data wydania (P)
    • 1964.
300 -Strefa opisu fizycznego [ , ]
    • a
    • Określenie formy książki i/lub objętość (NP)
    • 126 s., [6] s. tabl. ;
    • c
    • Format (NP)
    • 21 cm.
336 -Typ zawartości [ , ]
    • a
    • Termin opisujący typ zawartości
    • Tekst
    • b
    • Kod określający zawartość
    • txt
    • 2
    • Źródło (terminu i kodu)
    • rdacontent
337 -Typ mediów [ , ]
    • a
    • Tryb odtwarzania
    • Bez urządzenia pośredniczącego
    • b
    • Kod typu mediów
    • n
    • 2
    • Źródło (terminu i kodu)
    • rdamedia
338 -Typ/rodzaj nośnika [ , ]
    • a
    • Hasło opisujące typ nośnika
    • Wolumin
    • b
    • Kod typu nośnika
    • nc
    • 2
    • Źródło (terminu i kodu)
    • rdacarrier
080 -Uniwersalna Klasyfikacja Dziesiętna [ , ]
    • 2
    • Identyfikator wydania tablic
    • UDC-P058
    • a
    • Symbol klasyfikacji
    • 929-052A/Z
    • b
    • Dopowiedzenie
    • Biografie indywidualne.
    • 9
    • UKD
    • 6953
    • 4
    • UKD2
    • 7642
    • x
    • Poddział wspólny
    • (438)
    • c
    • Dopowiedzenie poddz. wspólnego
    • (Polska).
    • 4
    • UKD2
    • 10318
    • x
    • Poddział wspólny
    • "13"
    • c
    • Dopowiedzenie poddz. wspólnego
    • Wiek XIV.
080 -Uniwersalna Klasyfikacja Dziesiętna [ , ]
    • 2
    • Identyfikator wydania tablic
    • UDC-P058
    • a
    • Symbol klasyfikacji
    • 94(438).02
    • b
    • Dopowiedzenie
    • Historia Polski. Dynastia Piastów i Andegawenów (ok. 960-1386).
    • 9
    • UKD
    • 7014
600 -Hasło przedmiotowe w formie nazwy osobowej [0,7]
    • a
    • Nazwa osobowa
    • Kazimierz
    • b
    • Numeracja zwiazana z nazwą
    • III Wielki
    • c
    • Dopowiedzenie
    • (król Polski ;
    • d
    • Daty związane z nazwą
    • 1310-1370).
    • 2
    • Źródło terminu
    • kaba
    • 9
    • KHW
    • 239671
651 -Hasło przedmiotowe w formie nazwy geograficznej [ ,7]
    • a
    • Nazwa geograficzna
    • Polska
    • y
    • Określnik chronologiczny
    • 1333-1370 (Kazimierz III Wielki).
    • 2
    • Źródło terminu
    • kaba
    • 9
    • KHW
    • 124887
980 -Symbol UKD [ , ]
    • a
    • UKD
    • 94(438).02:929-052(438)"13" Kazimierz Wielki
710 -Hasło dodatkowe - nazwa ciała zbiorowego [2, ]
    • a
    • Nazwa ciała zbiorowego lub nazwa geograficzna jako pierwszy element (NP)
    • Zakład Narodowy im. Ossolińskich.
    • 4
    • Kod relacji
    • pbl
    • 9
    • KHW
    • 42558
Data inwentaryzacji Lokalizacja Uwagi nie widoczne w OPAC Status udost. Numer inwentarzowy Sygnatura
BGretrokonwersja-3W.3781 
BGretrokonwersja-3W.3782 
BGretrokonwersja-3W.3783 
BGretrokonwersja-3W.3784 
BGretrokonwersja-3W.3785 
BGretrokonwersja-3W.3786 
BGretrokonwersja-3W.3787 
BGretrokonwersja2W.3788 
BGretrokonwersja2W.3789 
BGretrokonwersja2W.3790 
BGretrokonwersja2W.3791 
BGretrokonwersja2W.3792 
BGretrokonwersja-3W.3780 
 BGretrokonwersja1Z.1485Z.1485
 BNSretrokonwersja ANS1ANS.748559P1/D-11
 BNSretrokonwersja ANS1ANS.748569P1/D-11